Historia de la cultura argentina /

Guardado en:
Autor Principal: Bañez, José Cosmelli
Formato: Libro
Publicado: Argentina : Troquel, 1969
Edición:7
Materias:
Etiquetas: Agregar Etiqueta
Sin Etiquetas, Sea el primero en etiquetar este registro!
LEADER 00544nam a22001935a 4500
001 CEM.cems003369
005 19000101000000.0
008 130507s1969##################000#0#####d
003 CEMS
082 0 4 |a 982 
100 1 |a Bañez, José Cosmelli 
245 1 0 |a Historia de la cultura argentina /  |c José Cosmelli Ibañez 
250 |a 7 
260 |a Argentina :  |b Troquel,  |c 1969 
300 |a 373 p. 
653 |a Historia 
653 |a Historia argentina 
653 |a Historia de la cultura 
859 |a CEMS  |b BIB. CEMS - 11 de abril  |h 982  |i Ib-1a7  |p 5322.76  |t Ej.1